God Bless the USA Chorus - Statistics

General Stats
  • This quiz has been taken 19 times
    17 since last reset
  • The average score is 41 of 54
Answer Stats
Answer % Correct
bless
100%
God
100%
the
100%
the
100%
USA
100%
be
86%
I
86%
I
86%
I
86%
American
79%
an
79%
And
79%
and
79%
and
79%
and
79%
at
79%
died
79%
free
79%
gave
79%
I'm
79%
I'm
79%
know
79%
least
79%
love
79%
me
79%
men
79%
proud
79%
stand
79%
that
79%
to
79%
to
79%
to
79%
up
79%
where
79%
who
79%
who
79%
you
79%
forget
71%
land
71%
next
71%
right
71%
this
71%
won't
71%
gladly
64%
today
64%
ain't
57%
'cause
57%
defend
57%
doubt
57%
her
57%
no
57%
still
57%
there
57%
I'd
50%
No matching quizzes found
Score Distribution
Percent of People with Each Score
Percentile by Number Answered
Your Score History
You have not taken this quiz since the last reset